<?xml version="1.0" encoding="UTF-8"?>
<collection xmlns="http://www.loc.gov/MARC21/slim">
 <record>
  <leader>     na                 </leader>
  <controlfield tag="001">INLIS000000001344111</controlfield>
  <controlfield tag="005">20240604075251</controlfield>
  <datafield tag="035" ind1=" " ind2=" ">
   <subfield code="a">0010-0624000012</subfield>
  </datafield>
  <controlfield tag="007">ta</controlfield>
  <controlfield tag="008">240604                |          | |  </controlfield>
  <datafield tag="082" ind1=" " ind2=" ">
   <subfield code="a">L.310-23059</subfield>
  </datafield>
  <datafield tag="084" ind1=" " ind2=" ">
   <subfield code="a">RES L.310-23059 RIF r</subfield>
  </datafield>
  <datafield tag="100" ind1="0" ind2=" ">
   <subfield code="a">Rifiyal Ramadhan</subfield>
   <subfield code="e">Pengarang</subfield>
  </datafield>
  <datafield tag="245" ind1="1" ind2=" ">
   <subfield code="a">Rancangan penyuluhan pemanfaatan pupuk organik padat kotoran sapi pada cabai rawit (Capsicum Frutescens L.) di desa Kepung kecamatan Kepung kabupaten Kediri /</subfield>
   <subfield code="c">Polbangtan Malang</subfield>
  </datafield>
  <datafield tag="300" ind1=" " ind2=" ">
   <subfield code="a">165 hlm</subfield>
  </datafield>
  <datafield tag="650" ind1=" " ind2="4">
   <subfield code="a">PPB, cabai rawit, keterampilan, kotoran sapi, pengetahuan, pupuk organik  pada</subfield>
  </datafield>
  <datafield tag="520" ind1=" " ind2=" ">
   <subfield code="a">Rifiyal Ramadhan, NIRM 04.01.19.313. Rancangan Penyuluhan &#13;
Pemanfaatan Pupuk Organik Padat Kotoran Sapi Pada Cabai Rawit (Capsicum &#13;
frutescens L.) di Desa Kepung Kecamatan Kepung Kabupaten Kediri. &#13;
Pembimbing: Achmad Nizar, SST., M.Sc dan Dr. Budi Sawitri, SST., M.Si.&#13;
Tujuan pelaksanaan tugas akhir ini adalah : 1) mengetahui pengaruh dosis &#13;
pupuk organik padat terhadap pertumbuhan tanaman cabai rawit, 2) menyusun &#13;
rancangan penyuluhan tentang pembuatan dan pengaplikasian pupuk pupuk &#13;
organik padat pada cabai rawit di Desa Kepung Kecamatan Kepung Kabupaten &#13;
Kediri, 3) mengetahui tingkat pengetahuan petani tentang pembuatan pupuk &#13;
pupuk organik padat kotoran sapi, 4) mengetahui tingkat keterampilan petani &#13;
tentang pengaplikasian pupuk pupuk organik padat kotoran sapi pada cabai rawit.&#13;
Pelaksanaan tugas akhir di Desa Kepung Kecamatan Kepung Kabupaten &#13;
Kediri pada bulan Maret sampai Juli 2023. Metode pelaksanaan yaitu 1) &#13;
menggunakan Rancangan Acak Kelompok (RAK) non faktorial dengan 4 &#13;
perlakuan dan 6 ulangan, analisis data menggunakan ANOVA dan DMRT dengan &#13;
taraf 5%, 2) penyusunan rancangan penyuluhan disusun berdasarkan hasil &#13;
identifikasi potensi wilayah serta disesuaikan dengan karakteristik sasaran dan &#13;
hasil kajian yang menjadi rekomendasi dengan penetapan tujuan penyuluhan, &#13;
penetapan sasaran penyuluhan, penetapan materi penyuluhan, penetapan &#13;
metode penyuluhan, penetapan media penyuluhan dan penetapan evaluasi &#13;
penyuluhan, dan 3) tingkat pengetahuan dan keterampilan petani diukur dengan &#13;
metode analisis statistik deskriptif.&#13;
Hasil pelaksanaan tugas akhir adalah 1) pupuk pupuk organik padat&#13;
kotoran sapi dengan dosis 30 ton/ha memberikan pengaruh nyata terhadap tinggi &#13;
tanaman dan jumlah bunga, 2) rancangan penyuluhan tentang pemanfaatan &#13;
pupuk pupuk organik padat kotoran sapi pada cabai rawit di Desa Kepung &#13;
Kecamatan Kepung bertujuan agar 65% petani mengetahui pemanfaatan limbah &#13;
kotoran sapi menjadi pupuk pupuk organik padat dengan sasaran penyuluhan &#13;
yaitu Kelompok Tani Maju di Desa Kepung Kecamatan Kepung Kabupaten Kediri, &#13;
metode yang digunakan yaitu, ceramah, demonstrasi cara, dan diskusi pada &#13;
penyuluhan tahap 1 dengan materi pembuatan pupuk pupuk organik padat dengan &#13;
menggunakan alat bantu media berupa leaflet dan benda sesungguhnya, lalu &#13;
metode yang digunakan pada penyuluhan tahap 2 yaitu ceramah, praktek &#13;
langsung, dan diskusi, dengan menggunakan media leaflet dan benda &#13;
sesungguhnya, dan metode yang digunakan yaitu demcar, 3) hasil evaluasi tingkat &#13;
pengetahuan petani termasuk kategori sangat tinggi dengan rata-rata persentase &#13;
yaitu 88,4%, dan 4) hasil evaluasi tingkat keterampilan petani termasuk kategori &#13;
sangat terampil dengan persentase masing-masing indikator yaitu, basic literacy &#13;
skill rata-rata 82,5%, technical skill rata-rata 85,88%, dan problem solving rata-rata &#13;
81,32.</subfield>
  </datafield>
  <datafield tag="336" ind1=" " ind2=" ">
   <subfield code="2">rdacontent</subfield>
   <subfield code="a">Text</subfield>
  </datafield>
  <datafield tag="337" ind1=" " ind2=" ">
   <subfield code="2">rdamedia</subfield>
   <subfield code="a">Buku Tercetak</subfield>
  </datafield>
  <datafield tag="338" ind1=" " ind2=" ">
   <subfield code="2">rdacarrier</subfield>
   <subfield code="a">Hardcopy</subfield>
  </datafield>
  <datafield tag="856" ind1=" " ind2=" ">
   <subfield code="a">https://repository.polbangtanmalang.ac.id/xmlui/handle/123456789/1882</subfield>
  </datafield>
  <datafield tag="264" ind1=" " ind2=" ">
   <subfield code="a">Malang :</subfield>
   <subfield code="b">Polbangtan Malang,</subfield>
   <subfield code="c">2023</subfield>
  </datafield>
  <datafield tag="990" ind1=" " ind2=" ">
   <subfield code="a">L.310-23059</subfield>
  </datafield>
 </record>
</collection>
